000 00624nam a2200229 i 4500
001 bg
100 1 _aKOWALEWSKI, Stanisław
245 0 _aPrzełożony-podwładny w świetle teorii organizacji /
_cStanisław Kowalewski.
250 _aWyd. 5 popr.
260 _aWarszawa :
_bPWE,
_c1984.
650 9 _aOrganizacja
_xteoria
650 9 _aKadry
_xpolityka
650 9 _aZarządzanie
_xmetody
650 9 _aPrzedsiębiorstwo
_xorganizacja
655 _aPodręczniki
655 _aPodręczniki
040 _cBPK
041 _apol
080 _a658.3.012.4
942 _cKS
008 s pl f |000 0 pol
999 _c28293
_d28293
856 _uhttp://koha.tu.koszalin.pl/cgi-bin/koha/opac-detail.pl?biblionumber=28293
_yKatalog online BPK